|
|
|
|
| LEADER |
00537nam a22001217a 4500 |
| 008 |
150505b xxu||||| |||| 00| 0 eng d |
| 100 |
|
|
|a Stanislavski,Constantin
|
| 245 |
|
|
|a Creating a role
|c /Stanislavski,Constantin
|
| 260 |
|
|
|a Newyork:
|b Bloomsbury,
|c 2013.
|
| 300 |
|
|
|b 234p.
|
| 942 |
|
|
|c BK
|
| 999 |
|
|
|c 233085
|d 233085
|
| 952 |
|
|
|0 0
|1 0
|4 0
|6 E_792_028000000000000_STA_C
|7 0
|9 258323
|a MAL
|b MAL
|c ST1
|d 2015-05-05
|e The Bookshop,Publication Division,University of Calicut.Bill No:4082 Date:29/11/2014
|g 499.00
|l 0
|o E 792.028 STA/C
|p MAL35627
|r 2015-05-05
|w 2018-08-20
|y BK
|